01263nam a2200229 i 4500001000400000003000400004005001700008008003900025040000800064080001400072100017300086245008400259260007600343300001800419500002100437520046500458650002500923650002000948942001200968999001500980952003800995BPPBPK20150511144429.0150511s1983 pl a f f |000 0 pol cBPK a621.3.049 aKARPOWICZ, Piotr.d1969 - 1996.bWyższa Szkoła Inżynierska w Koszalinie - Instytut Konstrukcji i Eksploatacji Maszyn,cZakład Elektroniki i Napędów Sterowania aPrzewodnik metodyczny obliczania obwodów prądu stałego /cPiotr Karpowicz. aKoszalin :bWydaw. Uczelniane Wyższej Szkoły Inżynierskiej,c1983. a55 s. :brys. aDane z autopsji. aPrzewodnik jest pomocą naukową do wykładów a szczególnie ćwiczeń studentów wyższych szkół technicznych kierunków nieelektrycznych. Może służyć każdemu, kto chciałby opanować w krótkim czasie proste sposoby obliczenia obwodów elektrycznych liniowych i nieliniowych. Przewodnik podaje bowiem najprostsze nieomal mechaniczne zasady postępowania przy obliczaniu obwodów elektrycznych z zachowaniem świadomego działania. 0aUkłady elektryczne. 0aPrądy stałe. cKS2UKD c5811d5811 00104070aBPKbBPKoP 22224yKS